| 000 | 00936cam a2200205 4500 | ||
|---|---|---|---|
| 001 | ABS66218 | ||
| 008 | 021217n2002 000 0 eng u | ||
| 035 | _a(Sirsi) u120807 | ||
| 100 | _aRoss Goobey, A | ||
| 245 | 2 | _aA private answer to the public question | |
| 260 | _c2002 | ||
| 490 |
_aEstates Gazette _v (0246) 16 November 2002, 50(1) |
||
| 520 | _aArgues that the disadvantages may outweigh the benefits for many property companies which are being publicly listed. The two main reasons for public listing is to raise equity capital from a wide shareholder base, and also to provide liquidity and a market value for shareholders. However, it warns that when discounts are high, and new equity hard to issue, fewer companies will follow this route. | ||
| 590 | _aABS | ||
| 650 | _aPROPERTY COMPANIES | ||
| 650 | _aCOMPANY MANAGEMENT | ||
| 650 | _aCOMPANY FINANCE | ||
| 690 | _aMANAGEMENT-BUSINESS MANAGEMENT | ||
| 942 | _n0 | ||
| 999 |
_c71787 _d71787 |
||